|
|
|
|
| LEADER |
01349nam a2200277 a 4500 |
| 001 |
3539825 |
| 008 |
100113s1996 bg b b 001 0beng d |
| 999 |
|
|
|c 6971
|d 6971
|
| 010 |
|
|
|a \\\96905446
|
| 020 |
|
|
|a 9840513532
|
| 040 |
|
|
|a DLC
|c DLC
|d BD-DhAAL
|
| 082 |
0 |
0 |
|a 954.9/205/092
|2 21
|
| 100 |
1 |
|
|a Khan, Zillur R.
|q (Zillur Rahman),
|d 1938-
|9 25020
|
| 245 |
1 |
4 |
|a The Third World charismat :
|b Sheikh Mujib and the struggle for freedom /
|c Zillur R. Khan.
|
| 260 |
|
|
|a Dhaka :
|b University Press Ltd.,
|c 1996.
|
| 300 |
|
|
|a xii, 250 p. :
|b maps ;
|c 22 cm.
|
| 504 |
|
|
|a Includes bibliographical references (p. [239]-243) and index.
|
| 520 |
|
|
|a Political biography of Sheikh Mujibur Rahman, 1922-1975, former president of Bangladesh.
|
| 541 |
1 |
|
|e 00016456
|
| 600 |
0 |
0 |
|a Mujibur Rahman,
|c Sheikh,
|d 1920-1975.
|9 25021
|
| 650 |
|
0 |
|a Presidents
|z Bangladesh
|x Biography.
|9 25022
|
| 651 |
|
0 |
|a Bangladesh
|x Politics and government.
|9 25023
|
| 852 |
4 |
|
|a Ayesha Abed Library
|j General shelf
|
| 942 |
|
|
|2 ddc
|c BK
|
| 952 |
|
|
|0 0
|1 0
|2 ddc
|4 0
|6 954_920509200000000_KHA_1996
|7 0
|9 7212
|a BRACUL
|b BRACUL
|c GEN
|d 2010-01-14
|l 2
|m 11
|o 954.9205092 KHA
|p 3010016456
|r 2023-03-28
|s 2023-01-22
|t 1
|w 2010-01-14
|y BK
|
| 952 |
|
|
|0 0
|1 0
|2 ddc
|4 0
|6 954_900000000000000_205_092_KHA
|7 0
|9 24251
|a SCL
|b SCL
|c GEN
|d 1998-11-12
|g 225.00
|l 9
|m 21
|o 954.9205092 KHA
|p 3020000540
|r 2024-11-20
|s 2024-11-19
|t 2
|w 2014-04-28
|y BK
|